Conférences de Notre-Dame de Paris : années 1844, 1845, 1846 /

Las Conférences de Notre-Dame (Conferencias de Nuestra Señora de París) fueron pronunciadas por primera vez por Henri Lacordaire en 1835, tras el éxito de las que había dado un año antes en el Collège Stanislas, por invitación de Frédéric Ozanam. La gran capacidad oratoria de Lacordaire y su postura...

Ausführliche Beschreibung

Gespeichert in:
Bibliographische Detailangaben
Körperschaft: Conférences de Notre-Dame de Paris ( París)
Weitere Verfasser: Lacordaire, Jean-Baptiste-Henri Dominique (autor) (autor)
Format: Tagungsbericht Buch
Sprache:Französisch
Schlagworte:
Tags: Tag hinzufügen
Keine Tags, Fügen Sie das erste Tag hinzu!

MARC

LEADER 00000nam^a2200000^a^4500
001 000326958
005 20250526000000.0
009 20260310113822.767
037 |a Acervo Xavier Clavigero 
041 |a FRA 
082 |a 252. 62  |b CON 1844-1846 
111 |a Conférences de Notre-Dame de Paris (  |d 1844, 1845, 1846 :  |c París) 
240 1 1 |a [Conférences de Notre-Dame de Paris] 
240 1 1 |a [Conferencias de Nuestra Señora de París] 
240 1 1 |a [Conferencias de Nuestra Señora de París, 1844] 
240 1 1 |a [Conferencias de Nuestra Señora de París, 1845] 
240 1 1 |a [Conferencias de Nuestra Señora de París, 1846] 
240 1 1 |a [Eloge funèbre du général Drouot] 
240 1 1 |a [Eloge funèbre de Daniel O'Connell] 
245 1 0 |a Conférences de Notre-Dame de Paris :  |b années 1844, 1845, 1846 /  |c J.B.H. Dominique Lacordaire. 
264 |a París, Francia :  |b Sagnier et Bray,  |c 1847-1848 
300 |a 663, 48, 35 p. ;  |c 22.5 cm. 
336 |a texto  |b txt  |2 rdacontenido 
337 |a sin mediación  |b n  |2 rdamedio 
338 |a volumen  |b nc  |2 rdasoporte 
501 |a Encuadernación particular 
520 |a Las Conférences de Notre-Dame (Conferencias de Nuestra Señora de París) fueron pronunciadas por primera vez por Henri Lacordaire en 1835, tras el éxito de las que había dado un año antes en el Collège Stanislas, por invitación de Frédéric Ozanam. La gran capacidad oratoria de Lacordaire y su postura vanguardista tanto en términos cristianos como del liberalismo, convirtieron las conferencias cuaresmales de Notre-Dame en todo un suceso, con asistencia a ellas de grandes personajes de la intelectualidad decimonónica, incluidos autores que no profesaban el catolicismo, como Alexandre Dumas, Honoré de Balzac y Víctor Hugo. La apertura en los planteamientos del fundador de las conferencias llega hasta hoy día a las disertaciones cuaresmales de Notre-Dame, en la que participan lo mismo religiosos que laicos y por igual católicos y no católicos. 
520 |a La presente ediciónde las Conferencias de Nuestra Señora de París pronunciadas por Lacordaire está dividida en cuatro volúmenes. El segundo corresponde a las prédicas de los años 1844, 1845 y 1846, cuyos temas respectivos fueron los efectos de la doctrina católica en el alma, los efectos de la misma en la sociedad y el último año, Jesucristo. El volumen está integrado en una encuadernación particular, que también incorpora dos discursos funerarios dichos por el religioso dominico en honor del militar Antoine Drouot (1774-1847) y el político irlandés Daniel O'Connell (1776-1847). La portada del discurso sobre O'Connell fue eliminada de la encuadernación, pero según el catálogo de la Biblioteca Nacional de Francia, fue publicado también por la editorial Sagnier et Bray, pero en 1848, y Lacordaire lo pronunció el 10 de febrero de 1848 en Nuestra Señora de París. 
545 0 |a Jean-Baptiste-Henri (luego Henri-Dominique) Lacordaire (Recey-sur-Ource, 1802 – Sorèze, Tarn, 1861), predicador y religioso francés. Estudió inicialmente Derecho y dio las primeras muestras de su capacidad como orador en la Sociedad de Estudios de Dijon, un círculo literario y político de la juventud monárquica de la localidad. Ingresó en el Seminario de Saint-Sulpice en Issy en 1824 y fue ordenado sacerdote tres años después. Miembro fundador de L'Avenir (El Porvenir, 1830) y primer director de L'Ere Nouvelle (La Nueva Era, 1848), periódicos en los que fueron expuestos fundamentos del pensamiento social cristiano moderno, orientados a conciliar la fe católica y las aspiraciones democratizadoras –entre otras demandas sociales y políticas- de la época. Alcanzó gran notoriedad con las Conferencias de Nuestra Señora de París, que pronunció por primera vez en la Cuaresma en 1835. Tras proseguir sus estudios teológicos con los jesuitas en Roma, ingresó con los dominicos en 1837 y concretó el restablecimiento de la provincia francesa de la orden en 1850. Fue electo diputado de la Asamblea Nacional Constituyente en 1848 y nombrado miembro de la Academia Francesa en 1860. Considerado el mejor orador sagrado de las letras francesas modernas, sus Obras fueron publicadas en seis volúmenes y nueve tomos en 1872 y las Conferencias de Nuestra Señora de París permanecen como un espacio vigente en el que la convivencia entre la reflexión filosófica y teológica y la expresión literaria han vigorizado y renovado la tradición oratoria católica. 
649 |a XX 
650 |a Dominicos -  |x Discursos 
650 |a Religiosos Franceses -  |x Discursos 
650 |a Militares Franceses -  |x Homenajes 
650 |a Políticos Irlandeses -  |x Homenajes 
650 |a Cuaresma -  |x Meditaciones -  |x Tema Principal 
650 |a Cuaresma -  |x Sermones 
650 |a Alma y Cuerpo -  |x Tema Principal 
650 |a Jesucristo -  |x Tema Principal 
650 |a Dios 
650 |a Predicación -  |x Tema Principal 
650 |a Discursos Funerarios (Oratoria) 
650 |a Discursos Franceses (Oratoria) 
650 |a Oratoria -  |z Francia 
650 |a Literatura Cristiana -  |z Francia 
650 |a Literatura Religiosa -  |z Francia 
650 |a Literatura Francesa -  |y Siglo XIX 
650 |a Teología Social 
650 |a Teología Doctrinal 
650 |a Catolicismo 
650 |a Cristianismo y Sociedad -  |x Tema Principal 
650 |a Religión 
650 |a Drouot, Antoine -  |x Tema Principal 
650 |a O'Connell, Daniel -  |x Tema Principal 
740 0 |a Conférences de Notre-Dame de Paris :  |b année 1844 : Des effets de la doctrine catholique sur l'ame /  |c J.B.H. Dominique Lacordaire. 
740 0 |a Conférences de Notre-Dame de Paris :  |b année 1845 : Des effets de la doctrine catholique sur la société /  |c J.B.H. Dominique Lacordaire. 
740 0 |a Conférences de Notre-Dame de Paris :  |b année 1846 : De Jesus-Christ /  |c J.B.H. Dominique Lacordaire. 
740 0 |a Eloge funèbre du général Drouot :  |b prononcé dans la Cathédrale de Nancy, le 25 mai 1847 /  |c J.B.H. Dominique Lacordaire. 
740 0 |a Eloge funèbre de Daniel O'Connell :  |b prononcé à Notre-Dame de Paris, le 10 février 1848 /  |c J.B.H. Dominique Lacordaire. 
700 |a Lacordaire, Jean-Baptiste-Henri Dominique  |e (autor) 
910 |a Fondo General 
920 |a Impresos - Libros 
930 |a Libros Antiguos y Raros 
905 |a 108 
901 |a 0500215729  |b IT2  |c LRA  |u 20250526 
902 |a https://opac.biblio.iteso.mx/vufind/Record/000326958